000 00482nam a2200217Ia 4500
008 101110s9999 xx 000 0 und d
041 _aMARATHI
082 _bSR31918
_a891.4692
100 _aHitler Adolf
245 _aMaza ladha
260 _c0
_bShri Gajanan Book Depo,Pune
300 _a416
365 _b300
520 _aMarathi
546 _aMARATHI
630 _aMaza ladha
650 _aMarathi
655 _aMarathi
730 _aMaza ladha
942 _cBOOK
999 _c824420
_d824417